000 01143cam a2200337 a 4500
999 _c532573
_d532573
001 16707051
003 NUST
005 20191126101735.0
008 110325s2010 enkab b 001 0 eng c
010 _a 2011379778
020 _a9780727740830
020 _a0727740830
035 _a(OCoLC)ocn650204497
038 _aM.Ramzan
040 _aBWK
_cBWK
_dNLE
_dCDX
_dYDXCP
_dUPM
_dDLC
042 _apcc
050 0 0 _aTA706
_b.P335 2010
082 _a624.15132
_bPAL
100 1 _aPalmström, Arild.
_926169
245 1 0 _aRock engineering /
_cArild Palmström and Håkan Stille.
260 _aLondon :
_bThomas Telford ;
_aFitchburg, MA :
_bPublishers Storage and Shipping Corp. [distributor],
_c2010.
300 _avi, 408 p. :
_bill. (some col.), map ;
_c24 cm.
504 _aIncludes bibliographical references (p. [312]-325) and index.
650 0 _aRock mechanics.
_923489
650 0 _aExcavation.
_926170
650 0 _aEngineering geology.
_921221
700 1 _aStille, Håkan.
_926171
906 _a7
_bcbc
_cpccadap
_d2
_encip
_f20
_gy-gencatlg
942 _2ddc
_cBK